Quite neighbors : Prosecuting nazi war criminicals in America

Bibliographic Details
Main Author: Ryan, Allan A.
Format: Book
Published: Florida : HBJ Pub , 1984
Edition:1st ed.
Subjects:

MARC

LEADER 00000cam a2200000 7i4500
001 0000002992
005 20050628.0
020 |a 0151758239 
040 |a INS 
090 0 0 |a KF221.P6   |b R9 1984 
100 1 |a Ryan, Allan A. 
245 1 0 |a Quite neighbors :   |b Prosecuting nazi war criminicals in America   |c Allan A. Ryan, Jr 
250 |a 1st ed. 
260 |a Florida :   |b HBJ Pub ,   |c 1984 
300 |a xiip :   |b 386p ;   |c 23cm. 
500 |a Includes bibliographical references and index 
650 0 0 |a War crimes 
650 0 0 |a War crimes trials   |z United States 
650 0 0 |a War criminals 
650 0 0 |a World war   |y 1939-1945 
999 |a 0000000887   |b BOOK   |c Open Shelf   |e Default branch